|
|
|
|
| LEADER |
01080aam a22003378a 4500 |
| 001 |
00035594 |
| 005 |
20171026081025.0 |
| 008 |
161213s2016 ||||||Viesd |
| 020 |
# |
# |
|a 978 604 77 0681 5
|c 99000
|
| 041 |
0 |
# |
|a Vie
|
| 082 |
1 |
4 |
|a 330.956 94
|b QU451GI
|
| 100 |
1 |
# |
|a Senor, Dan
|
| 245 |
1 |
0 |
|a Quốc gia khởi nghiệp
|c Dan Senor, Saul Singer; Trí Vương (dịch)
|b Câu chuyện về nền kinh tế thần kỳ của Israel
|
| 246 |
0 |
1 |
|a Start-up Nation
|
| 260 |
# |
# |
|a Hà Nội
|b Thế giới;
|c 2016
|
| 300 |
# |
# |
|a 403tr.
|c 21 cm.
|
| 653 |
# |
# |
|a Israel
|
| 653 |
# |
# |
|a Phát triển
|
| 653 |
# |
# |
|a Kinh tế
|
| 653 |
# |
# |
|a Khởi nghiệp
|
| 700 |
1 |
# |
|a Singer, Saul
|e Tác giả
|
| 700 |
1 |
# |
|a Trí, Vương
|e Dịch
|
| 852 |
# |
# |
|j KM.0020077
|j KM.0020078
|j KM.0020076
|j KM.0024184
|
| 852 |
# |
# |
|b Kho mượn
|j KM.0020076, KM.0020077, KM.0020078
|
| 910 |
|
|
|d 13/12/2016
|
| 980 |
# |
# |
|a Trung tâm Học liệu Lê Vũ Hùng, Trường Đại học Đồng Tháp
|